000 00254nam a2200109Ia 4500
008 191206s9999 xx 000 0 und d
020 _a198760590
090 _aHX56
245 0 _aMarxism and politics
260 _aOxford University Press
260 _cc1977
999 _c16450
_d16450